| 000 | 01181cam a2200217 4500 | ||
|---|---|---|---|
| 001 | J118975 | ||
| 008 | 020722n2001 000 0 eng u | ||
| 035 | _a(Sirsi) u118975 | ||
| 041 | _aeng. | ||
| 050 | _a658.2 | ||
| 110 |
_aRoyal Institution of Chartered Surveyors _bFacilities Management Faculty _94295 |
||
| 245 | _aAdding value; the FM equation (RICS Facilities Management Faculty conference 2001) | ||
| 260 |
_aLondon _bRICS _c2001 |
||
| 300 |
_a40p. _c31cm. |
||
| 520 | _aConsists of a plastic folder, given to conference delegates, containing the following inserts: speaker biographies; programme and attendance list; evaluation form; and APC 2002 Owlion CD Rom produced for RICS faculties and forums. Also contains copies of the slides that accompanied the following talks: Building intellectual capital in FM, given by Peter McLennan; Real estate partnerships - making outsourcing a practical reality, given by David Shaw; Developments in technology for FM's, by Paull Robathan; and Service through the internet by Howard Bibby. | ||
| 650 | _aCONFERENCE | ||
| 650 | _aADDING VALUE | ||
| 650 | _aRICS | ||
| 690 | _aMANAGEMENT-FACILITIES MANAGEMENT | ||
| 942 | _n0 | ||
| 999 |
_c102227 _d102227 |
||